Maturāntakiyin̲ kātal. (Record no. 57221)

MARC details
000 -LEADER
fixed length control field 00597cam a22002291 4500
001 - CONTROL NUMBER
control field sa 64002198
003 - CONTROL NUMBER IDENTIFIER
control field DLC
005 - DATE AND TIME OF LATEST TRANSACTION
control field 20260227112008.0
008 - FIXED-LENGTH DATA ELEMENTS--GENERAL INFORMATION
fixed length control field 900202s1962 ii 000 1 tamo
010 ## - LIBRARY OF CONGRESS CONTROL NUMBER
LC control number sa 64002198
035 ## - SYSTEM CONTROL NUMBER
System control number (OCoLC)20992167
040 ## - CATALOGING SOURCE
Original cataloging agency DLC
Transcribing agency WaU
Modifying agency DLC
042 ## - AUTHENTICATION CODE
Authentication code premarc
050 00 - LIBRARY OF CONGRESS CALL NUMBER
Classification number PL4758.9.R33
Item number M3
100 1# - MAIN ENTRY--PERSONAL NAME
Personal name Raman, S. K.,
Dates associated with a name 1917-
245 10 - TITLE STATEMENT
Title Maturāntakiyin̲ kātal.
260 ## - PUBLICATION, DISTRIBUTION, ETC.
Date of publication, distribution, etc. [1962]
300 ## - PHYSICAL DESCRIPTION
Extent 320 p.
Dimensions 19 cm.
500 ## - GENERAL NOTE
General note In Tamil.
500 ## - GENERAL NOTE
General note A novel.
600 00 - SUBJECT ADDED ENTRY--PERSONAL NAME
Personal name Madhurantaki,
Titles and other words associated with a name consort of Kulottunga I,
Dates associated with a name active 11th century
Form subdivision Fiction.

No items available.

Powered by Koha